[Event "FIDE TURNIR 2014"]
[Site "Ljubljana"]
[Date "2014.04.02"]
[Round "1.1"]
[White "Subelj, Jan"]
[Black "Unuk, Laura"]
[Result "0-1"]
[WhiteElo "1611"]
[BlackElo "2046"]
[PlyCount "68"]
[EventDate "2014.04.02"]

1. e4 d6 2. d4 Nf6 3. Nc3 c6 4. h3 Qc7 5. Nf3 e5 6. d5 Be7 7. Bg5 O-O 8. Be2
Ne8 9. dxc6 bxc6 10. Qd2 f5 11. Bc4+ Kh8 12. Bxe7 Qxe7 13. Qg5 Nf6 14. Qh4 fxe4
15. Ng5 Bf5 16. Nf7+ Rxf7 17. Bxf7 Qxf7 18. Qg5 Qe6 19. g4 Bg6 20. O-O-O d5 21.
Rhe1 Nbd7 22. Qd2 d4 23. Nb1 Qxa2 24. Qb4 c5 25. Qa3 Qe6 26. Nd2 d3 27. c4 h6
28. b3 a5 29. Nf1 a4 30. Ne3 Nb6 31. bxa4 Rxa4 32. Qxc5 Nxc4 33. Qf8+ Kh7 34.
g5 Ra1# 0-1

[Event "FIDE TURNIR 2014"]
[Site "Ljubljana"]
[Date "2014.04.02"]
[Round "1.2"]
[White "Mlacnik, Janez"]
[Black "Bogataj, Tomaz"]
[Result "1-0"]
[WhiteElo "1866"]
[BlackElo "1697"]
[PlyCount "50"]
[EventDate "2014.04.02"]

1. e4 e6 2. d4 d5 3. e5 c5 4. Nf3 Nc6 5. Bd3 cxd4 6. O-O Qb6 7. Nbd2 h6 8. Nb3
Bd7 9. Re1 O-O-O 10. a4 Bb4 11. Bd2 a5 12. c3 Bc5 13. Nxc5 Qxc5 14. cxd4 Qb6
15. Qc2 Nge7 16. b4 Kb8 17. b5 Nxd4 18. Nxd4 Qxd4 19. Be3 Qh4 20. Qc5 Nc8 21.
Rec1 Ka8 22. Qc7 d4 23. Qxa5+ Kb8 24. Bd2 Na7 25. Bb4 Bc8 1-0

[Event "FIDE TURNIR 2014"]
[Site "Ljubljana"]
[Date "2014.04.02"]
[Round "1.3"]
[White "Novak, Anze"]
[Black "Drobnic, Milan"]
[Result "0-1"]
[WhiteElo "1677"]
[BlackElo "1816"]
[PlyCount "84"]
[EventDate "2014.04.02"]

1. d4 Nf6 2. c4 e6 3. Nc3 Bb4 4. Nf3 b6 5. e3 Bb7 6. Bd2 O-O 7. a3 Bxc3 8. Bxc3
Ne4 9. Bd3 f5 10. O-O d6 11. Rc1 Nd7 12. b3 Nxc3 13. Rxc3 g5 14. Nd2 Qf6 15.
Rc1 Qg6 16. Re1 c5 17. Be2 g4 18. f3 h5 19. Nf1 Rf7 20. f4 h4 21. Nd2 h3 22. g3
Nf6 23. Qc2 Nh5 24. Nf1 Qf6 25. Qd1 Rd8 26. d5 exd5 27. cxd5 Re7 28. Bxg4 fxg4
29. Qxg4+ Ng7 30. Rcd1 Bc8 31. Qf3 Qg6 32. Qf2 Bg4 33. Rc1 Rde8 34. Nd2 Bf5 35.
Nf3 Bg4 36. Nd2 Nh5 37. e4 Nf6 38. f5 Qg5 39. Nc4 Nxe4 40. Qb2 Bxf5 41. Rxe4
Rxe4 42. Nxd6 Re1+ 0-1

[Event "FIDE TURNIR 2014"]
[Site "Ljubljana"]
[Date "2014.04.02"]
[Round "1.4"]
[White "Markosek, Maj"]
[Black "Jovanovski, Vangel"]
[Result "1-0"]
[WhiteElo "1702"]
[BlackElo "1668"]
[PlyCount "91"]
[EventDate "2014.04.02"]

1. d4 d5 2. c4 e6 3. Nc3 dxc4 4. e3 a6 5. Bxc4 Nf6 6. Nf3 Nc6 7. O-O b5 8. Bd3
Bb7 9. a3 g6 10. Qc2 Bg7 11. Ne4 Nxe4 12. Bxe4 Qd7 13. Bd2 f5 14. Bxc6 Bxc6 15.
Rac1 Bxf3 16. gxf3 Rc8 17. Qc6 Kd8 18. Qxa6 c6 19. Qb6+ Ke8 20. Qc5 Kf7 21. Ra1
Ra8 22. Rfc1 Rhc8 23. Kg2 Qd8 24. Rh1 Qc7 25. f4 Bf8 26. Qc2 Be7 27. a4 Qd7 28.
f3 c5 29. Qd3 bxa4 30. Bc3 c4 31. Qd2 Qb5 32. Rhd1 Rd8 33. Qc1 h6 34. Qd2 g5
35. e4 Rg8 36. Kh1 gxf4 37. Qxf4 Bg5 38. Qc7+ Be7 39. d5 Qc5 40. dxe6+ Kxe6 41.
exf5+ Kf7 42. Qxc5 Bxc5 43. Rd7+ Ke8 44. Rc7 Bf2 45. Rxc4 Rd8 46. Rg4 1-0

[Event "FIDE TURNIR 2014"]
[Site "Ljubljana"]
[Date "2014.04.02"]
[Round "1.5"]
[White "Vertacnik, Viktor"]
[Black "More, Erlend"]
[Result "1-0"]
[WhiteElo "1600"]
[BlackElo "1693"]
[PlyCount "96"]
[EventDate "2014.04.02"]

1. e4 Nf6 2. e5 Nd5 3. d4 d6 4. f4 dxe5 5. fxe5 Bf5 6. Nf3 e6 7. Bd3 Bxd3 8.
Qxd3 a6 9. O-O h6 10. a3 c5 11. c4 Nb6 12. b3 Nc6 13. Be3 cxd4 14. Nxd4 Nxd4
15. Qxd4 Qxd4 16. Bxd4 Nd7 17. Nc3 Bc5 18. Bxc5 Nxc5 19. b4 Nd3 20. Ne4 Nxe5
21. Nd6+ Ke7 22. c5 b6 23. Rae1 bxc5 24. bxc5 f6 25. Rxe5 Rac8 26. Nxc8+ Rxc8
27. Re3 Rxc5 28. Rb1 e5 29. Rb7+ Ke6 30. Rb6+ Kd5 31. Rxa6 Kd4 32. Re2 e4 33.
Rd6+ Ke5 34. Rd7 f5 35. Rxg7 Rc3 36. a4 Ra3 37. Kf2 Rxa4 38. Rg6 Kd4 39. Rd6+
Ke5 40. Rxh6 f4 41. Rh5+ Kd4 42. Rf5 e3+ 43. Kf3 Kd3 44. Rd5+ Kc4 45. Rd8 Kc3
46. h4 Rc4 47. h5 Rc5 48. Kxf4 Rxh5 1-0

[Event "FIDE TURNIR 2014"]
[Site "Ljubljana"]
[Date "2014.04.02"]
[Round "1.6"]
[White "Urh, Zala"]
[Black "Drobnic, Simona"]
[Result "1-0"]
[WhiteElo "1570"]
[BlackElo "1412"]
[PlyCount "57"]
[EventDate "2014.04.02"]

1. e4 d6 2. d4 Nf6 3. Nc3 Nbd7 4. Nf3 e5 5. Bc4 Be7 6. O-O O-O 7. Be3 c6 8. a4
exd4 9. Nxd4 Nc5 10. f3 Bd7 11. Qd2 a6 12. a5 Ne6 13. Nf5 Be8 14. Rfd1 Qc7 15.
Nxe7+ Qxe7 16. Qxd6 Qxd6 17. Rxd6 h6 18. Bxe6 fxe6 19. Rxe6 Bf7 20. Re7 Rab8
21. Bf4 Rbd8 22. Rxb7 Bc4 23. Be3 Rb8 24. Rxb8 Rxb8 25. b3 Bb5 26. Rd1 Ne8 27.
Kf2 Kf7 28. Nb1 Nc7 29. c4 1-0

[Event "FIDE TURNIR 2014"]
[Site "Ljubljana"]
[Date "2014.04.02"]
[Round "1.7"]
[White "Paternoster, Janez"]
[Black "Sketa, Mark"]
[Result "0-1"]
[WhiteElo "1575"]
[BlackElo "1660"]
[PlyCount "82"]
[EventDate "2014.04.02"]

1. d4 Nf6 2. c4 e6 3. Nc3 Bb4 4. e3 b6 5. Nf3 Bb7 6. Bd3 O-O 7. O-O Na6 8. a3
Bxc3 9. bxc3 c5 10. Bb2 Rc8 11. Re1 d5 12. h3 cxd4 13. cxd4 dxc4 14. Be2 c3 15.
Bc1 Nc7 16. Ne5 Ne4 17. f3 Ng3 18. Bd3 Nd5 19. Bc4 f6 20. Bxd5 Qxd5 21. Nd3 g5
22. Nb4 Qc4 23. Kh2 Nf5 24. Re2 Nh4 25. Rc2 Rfd8 26. Qe1 Bxf3 27. g3 a5 28. Na2
Be4 29. Rxc3 Nf3+ 30. Kg2 Nxe1+ 31. Kf2 Nd3+ 32. Kg1 Qa4 33. Bd2 Rxc3 34. Nxc3
Qc6 35. Nxe4 Qxe4 36. Rf1 g4 37. h4 Rc8 38. Rxf6 Rc2 39. Rf1 Rxd2 40. Rf2 Rxf2
41. d5 Qg2# 0-1

[Event "FIDE TURNIR 2014"]
[Site "Ljubljana"]
[Date "2014.04.02"]
[Round "1.8"]
[White "Kmetic, Val"]
[Black "Lavrih, Domen"]
[Result "0-1"]
[WhiteElo "1470"]
[BlackElo "1439"]
[PlyCount "48"]
[EventDate "2014.04.02"]

1. e4 e6 2. d4 d5 3. exd5 exd5 4. Bd3 Nf6 5. Ne2 Bd6 6. O-O O-O 7. Bg5 Be6 8.
Nbc3 Bxh2+ 9. Kh1 Bd6 10. Ng1 c6 11. Qf3 Nbd7 12. Rae1 Qb6 13. Bxf6 Nxf6 14.
Qe3 Ng4 15. Qd2 Nh2 16. Na4 Qd8 17. g3 Nxf1 18. Rxf1 f5 19. Re1 Qf6 20. Kg2 f4
21. Be2 fxg3 22. Bf3 gxf2 23. Kxf2 Bg4 24. Qd3 Qh4+ 0-1

[Event "FIDE TURNIR 2014"]
[Site "Ljubljana"]
[Date "2014.04.02"]
[Round "1.9"]
[White "Bajt, Hana"]
[Black "Pridigar, Lovro"]
[Result "0-1"]
[WhiteElo "1396"]
[BlackElo "1660"]
[PlyCount "68"]
[EventDate "2014.04.02"]

1. e4 c5 2. c3 d6 3. Nf3 Nf6 4. d3 g6 5. Be3 Bg7 6. Be2 O-O 7. O-O Nc6 8. Nbd2
Bd7 9. Qc2 a6 10. Rac1 b5 11. d4 cxd4 12. cxd4 Rc8 13. Qb1 Ng4 14. h3 Nxe3 15.
fxe3 Bh6 16. Qd3 Nb4 17. Qb3 Qa5 18. a3 Nc6 19. Rc3 Qb6 20. Rfc1 Nxd4 21. Nxd4
Bxe3+ 22. Kh2 Rxc3 23. bxc3 Bxd2 24. Rf1 e5 25. Nf3 Bf4+ 26. Kh1 Qe3 27. Qc2
Rc8 28. Re1 Rxc3 29. Qb2 Bg3 30. Rd1 Qc5 31. Rxd6 Rc1+ 32. Rd1 Rc2 33. Qa1 Bxh3
34. Bf1 Bg4 0-1

[Event "FIDE TURNIR 2014"]
[Site "Ljubljana"]
[Date "2014.04.02"]
[Round "1.10"]
[White "Malkoc, Tilen"]
[Black "Groselj, Kaja"]
[Result "1-0"]
[WhiteElo "1410"]
[BlackElo "1396"]
[PlyCount "107"]
[EventDate "2014.04.02"]

1. d4 d5 2. c4 e6 3. Nc3 Nf6 4. Bg5 Be7 5. Nf3 Nc6 6. e3 Bd7 7. cxd5 Nxd5 8.
Nxd5 exd5 9. Bxe7 Qxe7 10. Bd3 O-O 11. O-O Rfe8 12. Rb1 Qe6 13. b4 Ne7 14. Qc2
c6 15. Bxh7+ Kf8 16. Bd3 Nc8 17. Ne5 Nd6 18. Nxd7+ Qxd7 19. Rfe1 g6 20. Qe2 Kg7
21. b5 Rh8 22. bxc6 bxc6 23. e4 Rae8 24. e5 Qd8 25. Qf3 Nc8 26. Rb7 Ref8 27.
Qg3 Rh6 28. e6 Qf6 29. Rxf7+ Rxf7 30. exf7 Qxf7 31. Qe5+ Kh7 32. Qe8 Qxe8 33.
Rxe8 Nd6 34. Re7+ Kg8 35. Rxa7 Rh4 36. Ra4 c5 37. g3 Rg4 38. h3 Rxd4 39. Rxd4
cxd4 40. Bxg6 Nb5 41. a4 Na7 42. Kf1 Kg7 43. Bc2 Kf6 44. f4 Nc6 45. g4 Na5 46.
g5+ Kg7 47. h4 Kf7 48. h5 Kg7 49. f5 Kf7 50. h6 Kg8 51. g6 Kh8 52. f6 Kg8 53.
h7+ Kh8 54. g7# 1-0

[Event "FIDE TURNIR 2014"]
[Site "Ljubljana"]
[Date "2014.04.02"]
[Round "1.11"]
[White "Jelen, Anja"]
[Black "Straze, Matija"]
[Result "0-1"]
[WhiteElo "1550"]
[BlackElo "1604"]
[PlyCount "76"]
[EventDate "2014.04.02"]

1. e4 d6 2. d4 Nf6 3. Nc3 g6 4. Nf3 Bg7 5. Bg5 O-O 6. Bc4 c6 7. d5 b5 8. Bb3 b4
9. Ne2 Nxe4 10. dxc6 Nxg5 11. Nxg5 e6 12. O-O Qxg5 13. f4 Qc5+ 14. Kh1 Nxc6 15.
Ng3 Bxb2 16. Rb1 Bg7 17. Qd3 d5 18. Ba4 a5 19. Bxc6 Qxc6 20. Ne2 Ba6 21. Qd2
Bxe2 22. Qxe2 Qc4 23. Qxc4 dxc4 24. Rfd1 Rfd8 25. Rxd8+ Rxd8 26. h3 Rd2 27. Rc1
Bb2 28. Rb1 Rxc2 29. a4 Rc1+ 30. Rxc1 Bxc1 31. Kg1 c3 32. Kf1 c2 33. Ke2 Bxf4
34. g4 c1=Q 35. Kf2 Qe3+ 36. Kg2 Bg3 37. Kh1 Qf2 38. h4 Qh2# 0-1

[Event "FIDE TURNIR 2014"]
[Site "Ljubljana"]
[Date "2014.04.02"]
[Round "1.12"]
[White "Unuk, Jan"]
[Black "Kmetic, Andrej"]
[Result "1/2-1/2"]
[WhiteElo "1570"]
[BlackElo "1397"]
[PlyCount "108"]
[EventDate "2014.04.02"]

1. d4 d5 2. c4 e6 3. Nc3 Nf6 4. Nf3 Nbd7 5. Bg5 c6 6. e3 Qa5 7. Nd2 dxc4 8.
Bxf6 Nxf6 9. Bxc4 Be7 10. O-O O-O 11. Nde4 b5 12. Bd3 Bd7 13. Nxf6+ Bxf6 14.
Qc2 g6 15. Ne4 Bg7 16. Nc5 Qc7 17. Be4 f5 18. Nxd7 Qxd7 19. Bxc6 Qc7 20. Be4
Qxc2 21. Bxc2 Rfc8 22. Bb3 Kf7 23. Rad1 Ke7 24. Rfe1 a5 {(=)} 25. a4 b4 26. e4
Ra6 27. exf5 gxf5 28. Re3 Rd6 29. Red3 Rcd8 30. d5 Bxb2 31. Rh3 Rh8 32. dxe6
Rxd1+ 33. Bxd1 Kxe6 34. Rh6+ Bf6 35. Bb3+ Ke7 36. Kf1 Rc8 37. Rxh7+ Kd6 38. Rh3
Rc1+ 39. Ke2 Bc3 40. Rd3+ Ke5 41. Rd5+ Kf4 42. Rxa5 Rb1 43. Bc2 Re1+ 44. Kd3 b3
45. Kxc3 bxc2 46. Kxc2 Re2+ 47. Kc3 Rxf2 48. Rd5 Rxg2 49. Rd2 Kf3 50. Rxg2 Kxg2
51. a5 f4 52. a6 f3 53. a7 f2 54. a8=Q+ Kxh2 1/2-1/2

[Event "FIDE TURNIR 2014"]
[Site "Ljubljana"]
[Date "2014.04.02"]
[Round "1.13"]
[White "Varga, Ivan"]
[Black "Siraj, Vita"]
[Result "0-1"]
[WhiteElo "1461"]
[BlackElo "1639"]
[PlyCount "103"]
[EventDate "2014.04.02"]

1. d4 d5 2. Nc3 Nf6 3. Bf4 Bd7 4. Nf3 e6 5. a3 h6 6. Qd3 Bd6 7. Qe3 O-O 8. Bxh6
Ng4 9. Qg5 Nxh6 10. Qh5 Qf6 11. h3 Qf5 12. Qxf5 exf5 13. Nxd5 Be6 14. Nc3 c6
15. Ng5 Nd7 16. e4 fxe4 17. Ngxe4 Be7 18. Bd3 Nf6 19. Nd2 Rad8 20. g4 Bd5 21.
O-O-O Bxh1 22. Rxh1 Nd5 23. Ne2 Bg5 24. f4 Nxf4 25. h4 Nxe2+ 26. Bxe2 Bxd2+ 27.
Kxd2 Rxd4+ 28. Bd3 Nxg4 29. Rf1 Ne5 30. Kc3 c5 31. b3 Nxd3 32. cxd3 Rfd8 33.
Rd1 f5 34. h5 Kh7 35. a4 g6 36. hxg6+ Kxg6 37. a5 f4 38. a6 b6 39. Rg1+ Kf5 40.
b4 Rxd3+ 41. Kc4 R3d4+ 42. Kb5 Rxb4+ 43. Kc6 Rh8 44. Rg7 f3 45. Rxa7 Kf4 46.
Rf7+ Ke3 47. Re7+ Kd2 48. Rd7+ Ke3 49. Re7+ Re4 50. Rf7 f2 51. Kb7 Ke2 52. a7
0-1

[Event "FIDE TURNIR 2014"]
[Site "Ljubljana"]
[Date "2014.04.02"]
[Round "1.14"]
[White "Siraj, Anej"]
[Black "Jersic, Aleks"]
[Result "1-0"]
[WhiteElo "1427"]
[BlackElo "1538"]
[PlyCount "51"]
[EventDate "2014.04.02"]

1. e4 e5 2. Nf3 Nc6 3. Nc3 Nf6 4. d4 exd4 5. Nxd4 Bb4 6. Nxc6 bxc6 7. Bd3 O-O
8. O-O d5 9. exd5 cxd5 10. Bg5 Bxc3 11. bxc3 Qd6 12. Bxf6 Qxf6 13. Qh5 g6 14.
Qxd5 Qxc3 15. Qxa8 c6 16. Qxa7 Qe5 17. Rfe1 Qg5 18. Qe3 Qg4 19. Qg3 Qd4 20.
Rad1 Qa4 21. Ra1 Qd4 22. Qe3 Qg4 23. a4 Bb7 24. a5 c5 25. Qg3 Qe6 26. Rxe6 1-0

[Event "FIDE TURNIR 2014"]
[Site "Ljubljana"]
[Date "2014.04.02"]
[Round "1.15"]
[White "Piciga, Aleksander"]
[Black "Marn, Jan"]
[Result "1/2-1/2"]
[WhiteElo "1392"]
[BlackElo "1335"]
[PlyCount "110"]
[EventDate "2014.04.02"]

1. e4 e5 2. Nf3 Nc6 3. Bb5 d6 4. d4 Bd7 5. O-O Nf6 6. Nc3 Be7 7. Re1 O-O 8.
Bxc6 Bxc6 9. dxe5 dxe5 10. Bg5 Nd7 11. Bxe7 Qxe7 12. Qe2 Rad8 13. a3 Nf6 14.
Rad1 Rxd1 15. Rxd1 Rd8 16. Rxd8+ Qxd8 17. Qd2 Qxd2 18. Nxd2 Kf8 19. f3 a5 20.
Nc4 a4 21. Nxe5 Be8 22. Kf2 c5 23. Nd3 b6 24. Nf4 Bc6 25. Ke3 Ke7 26. Nce2 b5
27. Ng3 g6 28. Nd3 Nd7 29. Ne2 Kd6 30. g3 Ne5 31. Nxe5 Kxe5 32. f4+ Kd6 33. c3
f6 34. g4 h5 35. gxh5 gxh5 36. h4 Be8 37. Ng3 Bf7 38. Nf1 Bc4 39. Nd2 Be6 40.
Kd3 Bf7 41. c4 b4 42. Nf3 Bg6 43. Ke3 Bf7 44. e5+ Ke7 45. exf6+ Kxf6 46. Ne5
Bg8 47. Nd7+ Kf5 48. Kf3 bxa3 49. bxa3 Bxc4 50. Nxc5 Bd5+ 51. Kg3 Bb3 52. Nb7
Ke6 53. Nc5+ Kf5 54. Kf3 Bd1+ 55. Kg3 Bb3 1/2-1/2

[Event "FIDE TURNIR 2014"]
[Site "Ljubljana"]
[Date "2014.04.02"]
[Round "1.16"]
[White "Jelen, Miha"]
[Black "Bajt, Ales"]
[Result "1/2-1/2"]
[WhiteElo "1533"]
[BlackElo "1292"]
[PlyCount "110"]
[EventDate "2014.04.02"]

1. e4 e5 2. Nf3 Nf6 3. Nc3 Nc6 4. d4 exd4 5. Nxd4 Bc5 6. Be3 Bb6 7. Bc4 Ne5 8.
Bb3 O-O 9. O-O d6 10. h3 a6 11. Qd2 Qe8 12. Rfe1 Be6 13. Nxe6 fxe6 14. Bxb6
cxb6 15. Qxd6 Qh5 16. Qxe6+ Kh8 17. Qxb6 Qh4 18. Rf1 Nxe4 19. Nxe4 Qxe4 20. Qe3
Qf5 21. Rae1 Ng6 22. Qe4 Qg5 23. Qg4 Qd2 24. Rd1 Qa5 25. Rd7 Rf4 26. Qg3 Raf8
27. Rxb7 R4f6 28. Rb8 Nf4 29. Rxf8+ Rxf8 30. Qe3 Qg5 31. g4 Qh6 32. Kh2 Qd6 33.
Qg3 Qd4 34. Qc3 Qd6 35. Kh1 Qh6 36. Qf3 Ng6 37. Qg3 Nf4 38. h4 Ne2 39. Qh2 Qc6+
40. Qg2 Ng3+ 41. fxg3 Rxf1+ 42. Kh2 Rf6 43. Qxc6 Rxc6 44. Kg2 Rf6 45. Bc4 a5
46. b3 h6 47. a3 g5 48. b4 axb4 49. axb4 Kg7 50. b5 Kf8 51. Bd3 Ke7 52. c4 Kd6
53. Be2 Kc5 54. Bd3 Rd6 55. Be2 Rf6 1/2-1/2

[Event "FIDE TURNIR 2014"]
[Site "Ljubljana"]
[Date "2014.04.02"]
[Round "1.17"]
[White "Trplan, Filip"]
[Black "Mazzini, Katarina"]
[Result "1/2-1/2"]
[WhiteElo "1243"]
[BlackElo "1213"]
[PlyCount "67"]
[EventDate "2014.04.02"]

1. e4 c6 2. Nc3 d5 3. Nf3 Bg4 4. h3 Bxf3 5. Qxf3 e6 6. d4 Nd7 7. Bd3 Ne7 8. O-O
Qb6 9. exd5 Nxd5 10. Nxd5 cxd5 11. c3 Nf6 12. b3 Rc8 13. Bb2 Be7 14. c4 dxc4
15. Bxc4 O-O 16. Rac1 a5 17. Bd3 a4 18. Kh1 axb3 19. axb3 Rfd8 20. d5 Rxc1 21.
Rxc1 Rxd5 22. Rc8+ Rd8 23. Rxd8+ Bxd8 24. Qg3 Qc7 25. Qxc7 Bxc7 26. Kg1 h6 27.
Bxf6 gxf6 28. Kf1 Kf8 29. Ke2 f5 30. g4 f4 31. f3 Ke7 32. Be4 b6 33. h4 e5 34.
h5 1/2-1/2

[Event "FIDE TURNIR 2014"]
[Site "Ljubljana"]
[Date "2014.04.02"]
[Round "1.18"]
[White "Hvala, Inja Ajda"]
[Black "Kaluza, Dominik"]
[Result "0-1"]
[WhiteElo "1519"]
[BlackElo "1564"]
[PlyCount "34"]
[EventDate "2014.04.02"]

1. e4 e6 2. d4 d5 3. exd5 exd5 4. Bd3 Nc6 5. c3 Bd6 6. Nf3 Bg4 7. Nbd2 Nf6 8.
O-O O-O 9. Be2 Re8 10. Re1 Qd7 11. Nf1 Qf5 12. h3 Bh5 13. g4 Nxg4 14. hxg4
Qxg4+ 15. Kh1 Qh3+ 16. N3h2 Bf3+ 17. Bxf3 Qxh2+ 0-1

[Event "FIDE TURNIR 2014"]
[Site "Ljubljana"]
[Date "2014.04.02"]
[Round "1.19"]
[White "Malkoc, Patrik"]
[Black "Jereb, Lana"]
[Result "1-0"]
[WhiteElo "1189"]
[BlackElo "1506"]
[PlyCount "177"]
[EventDate "2014.04.02"]

1. d4 d5 2. c4 dxc4 3. Nc3 Nf6 4. e3 e6 5. Bxc4 c5 6. dxc5 Qxd1+ 7. Nxd1 Bxc5
8. Nf3 Nc6 9. Nc3 a6 10. O-O b5 11. Bd3 Bb7 12. Ne4 Nxe4 13. Bxe4 f5 14. Bc2
Nb4 15. Bb3 Bxf3 16. gxf3 e5 17. Rd1 Rd8 18. Rxd8+ Kxd8 19. Bd2 Nd3 20. Bc3 Bb4
21. Rd1 Bxc3 22. Rxd3+ Ke7 23. Rxc3 f4 24. Rc7+ Kf6 25. Rc6+ Kg5 26. Rxa6 Kh4
27. a4 b4 28. Rb6 Kh3 29. Rxb4 Rc8 30. Kf1 Kxh2 31. exf4 exf4 32. Rxf4 Rc1+ 33.
Ke2 Rb1 34. Kd3 Rxb2 35. Rh4+ Kg1 36. Rxh7 Rxb3+ 37. Kc4 Rxf3 38. Rxg7+ Kxf2
39. Rg4 Rf8 40. Kb5 Rb8+ 41. Kc4 Rc8+ 42. Kb3 Rb8+ 43. Kc3 Kf3 44. Rb4 Rc8+ 45.
Kb3 Ke3 46. a5 Ra8 47. Ka4 Kd3 48. Rb6 Kc4 49. a6 Kc5 50. Ka5 Kd5 51. Kb5 Kd4
52. Kc6 Rc8+ 53. Kb7 Rh8 54. Rd6+ Kc5 55. Rd7 Rh1 56. Rc7+ Kd5 57. Rc6 Rb1+ 58.
Rb6 Ra1 59. a7 Kc5 60. Rc6+ Kb5 61. Rb6+ Kc5 62. Rh6 Rb1+ 63. Ka8 Kd5 64. Rh5+
Kc6 65. Rh6+ Kd5 66. Rh8 Kc6 67. Rc8+ Kd5 68. Rb8 Ra1 69. Rb7 Kc6 70. Kb8 Rd1
71. Rc7+ Kd6 72. a8=Q Rb1+ 73. Rb7 Re1 74. Qa6+ Ke5 75. Rb5+ Kf4 76. Qa4+ Re4
77. Rb4 Rxb4+ 78. Qxb4+ Kf5 79. Qe7 Kg6 80. Qf8 Kh7 81. Qf4 Kg6 82. Kc7 Kg7 83.
Qf5 Kg8 84. Qf6 Kh7 85. Qg5 Kh8 86. Kd7 Kh7 87. Ke7 Kh8 88. Kf7 Kh7 89. Qg7#
1-0

[Event "FIDE TURNIR 2014"]
[Site "Ljubljana"]
[Date "2014.04.02"]
[Round "1.20"]
[White "Adamic, Nejc"]
[Black "Zupanic Leksan, Uros"]
[Result "1/2-1/2"]
[WhiteElo "1500"]
[BlackElo "1550"]
[PlyCount "127"]
[EventDate "2014.04.02"]

1. e4 e5 2. Nc3 Bc5 3. d3 Nc6 4. Nf3 Nf6 5. h3 O-O 6. Be2 d6 7. O-O h6 8. Bd2
Nd4 9. a3 Nxe2+ 10. Qxe2 Be6 11. b4 Bb6 12. Be3 Bxe3 13. Qxe3 d5 14. Rad1 d4
15. Qd2 dxc3 16. Qxc3 Re8 17. Nxe5 Nh5 18. Rde1 Qg5 19. g4 Nf4 20. Kh2 Qh4 21.
d4 f6 22. Qg3 Qxg3+ 23. fxg3 fxe5 24. gxf4 exd4 25. f5 Bc4 26. Rf2 d3 27. cxd3
Bxd3 28. e5 Re7 29. Re3 Bb5 30. Rff3 Rd8 31. f6 Rd2+ 32. Kg3 Rf7 33. fxg7 Rxf3+
34. Kxf3 Bc6+ 35. Kf4 Rd4+ 36. Kf5 Kxg7 37. g5 Bd7+ 38. e6 Rd5+ 39. Re5 Rxe5+
40. Kxe5 Bc8 41. gxh6+ Kxh6 42. Kf6 Kh7 43. e7 Bd7 44. Kf7 Kh6 45. e8=Q Bxe8+
46. Kxe8 b6 47. Kd7 c5 48. Kc6 c4 49. Kb7 c3 50. Kxa7 c2 51. Kxb6 c1=Q 52. a4
Qe3+ 53. Ka5 Qxh3 54. b5 Qc8 55. b6 Qa8+ 56. Kb5 Qb7 57. a5 Kg6 58. a6 Qd7+ 59.
Kc5 Qc8+ 60. Kb5 Kf6 61. b7 Qd7+ 62. Kb6 Qd4+ 63. Kc7 Qc5+ 64. Kb8 1/2-1/2

[Event "FIDE TURNIR 2014"]
[Site "Ljubljana"]
[Date "2014.04.02"]
[Round "1.21"]
[White "Hvala, Arja Ela"]
[Black "Koderman, Maj"]
[Result "0-1"]
[WhiteElo "1538"]
[BlackElo "1500"]
[PlyCount "76"]
[EventDate "2014.04.02"]

1. e4 e5 2. Nf3 Nc6 3. d4 Qe7 4. Be3 exd4 5. Nxd4 Qxe4 6. Nxc6 Qxc6 7. Bd3 Qxg2
8. Rf1 Qxh2 9. Qe2 Be7 10. Nc3 Nf6 11. Bg5 O-O 12. Qxe7 Re8 13. Qxe8+ Nxe8 14.
O-O-O a5 15. Rde1 Nd6 16. Nb5 h6 17. Nxd6 g6 18. Re8+ Kg7 19. Be3 Qxd6 20. Rh1
g5 21. Rf1 b6 22. f4 Bb7 23. Rxa8 Bxa8 24. fxg5 hxg5 25. Bxg5 Qd5 26. Rg1 Qxa2
27. Bh4+ Kf8 28. Kd2 Qxb2 29. Bh7 Qd4+ 30. Bd3 Qxg1 31. c4 Qh2+ 32. Bf2 Qxf2+
33. Kc3 Qe3 34. Kc2 a4 35. Kc3 Be4 36. Kb2 Qxd3 37. Ka2 Qxc4+ 38. Ka3 Qb3# 0-1

[Event "FIDE TURNIR 2014"]
[Site "Ljubljana"]
[Date "2014.04.02"]
[Round "1.22"]
[White "Mlakar, Matej"]
[Black "Siraj, Svit"]
[Result "0-1"]
[WhiteElo "1500"]
[BlackElo "1525"]
[PlyCount "62"]
[EventDate "2014.04.02"]

1. e4 e5 2. Nc3 Nc6 3. f4 d5 4. Nxd5 exf4 5. Nc3 Qh4+ 6. Ke2 Nd4+ 7. Kd3 Nc6 8.
Nf3 Qe7 9. Qe1 Qc5 10. Ke2 Be6 11. Kd1 O-O-O 12. d3 Bd6 13. Be2 Nf6 14. h3 Nh5
15. Qh4 Ng3 16. Rg1 Be7 17. Qxf4 Nxe2 18. Kxe2 Nd4+ 19. Nxd4 Qxd4 20. Nb5 Qc5
21. c4 Bxc4 22. Nxa7+ Qxa7 23. dxc4 Qxg1 24. Qg3 g6 25. b3 Qd4 26. Rb1 Qxe4+
27. Qe3 Qxb1 28. Bd2 Qxa2 29. g4 Bb4 30. Kf3 Bxd2 31. Qf2 Rd3+ 0-1

[Event "FIDE TURNIR 2014"]
[Site "Ljubljana"]
[Date "2014.04.07"]
[Round "1.23"]
[White "Cerkvenik, Simon"]
[Black "Zaloznik, Vesna"]
[Result "1-0"]
[WhiteElo "1708"]
[BlackElo "1594"]
[PlyCount "45"]
[EventDate "2014.04.09"]

1. e4 e5 2. Nf3 Nc6 3. Bb5 Bc5 4. c3 Nf6 5. O-O Nxe4 6. Bxc6 dxc6 7. Nxe5 O-O
8. d4 Bd6 9. Qe2 f5 10. Qc4+ Kh8 11. Nf7+ Rxf7 12. Qxf7 Bxh2+ 13. Kxh2 Qd6+ 14.
Kg1 Be6 15. Qh5 Rf8 16. Nd2 Nf6 17. Qh2 f4 18. f3 Nd5 19. Ne4 Qe7 20. c4 Ne3
21. Bxe3 fxe3 22. b3 Rd8 23. Qe5 1-0

[Event "FIDE TURNIR 2014"]
[Site "Ljubljana"]
[Date "2014.04.07"]
[Round "1.24"]
[White "Kozarski, Aleksander"]
[Black "Tisler, Janez"]
[Result "0-1"]
[WhiteElo "1557"]
[BlackElo "1589"]
[PlyCount "66"]
[EventDate "2014.04.09"]

1. e4 c5 2. f4 Nc6 3. Nf3 d6 4. c3 Bd7 5. Be2 g6 6. Ng5 Nf6 7. Qb3 e6 8. f5 Na5
9. Qc2 exf5 10. exf5 Bxf5 11. Qa4+ Bd7 12. Qf4 Qe7 13. O-O Bg7 14. Bd3 O-O 15.
Na3 h6 16. Ne4 Bf5 17. Nxf6+ Qxf6 18. Bxf5 gxf5 19. Nb5 Rfd8 20. d4 Nc6 21. Be3
Ne7 22. dxc5 Nd5 23. Qf3 Nxe3 24. Qxe3 dxc5 25. Qxc5 b6 26. Qf2 a6 27. Nd4 Qxd4
28. Qxd4 Bxd4+ 29. cxd4 Rd5 30. Rf4 Kg7 31. Rc1 Rad8 32. Rd1 Kg6 33. Kf2 h5 {
nejasno (80)} 0-1

[Event "FIDE TURNIR 2014"]
[Site "Ljubljana"]
[Date "2014.04.07"]
[Round "1.25"]
[White "Unuk, Robert"]
[Black "Vujic, Nikola"]
[Result "1/2-1/2"]
[WhiteElo "1499"]
[BlackElo "1500"]
[PlyCount "54"]
[EventDate "2014.04.09"]

1. d4 d5 2. c4 Nf6 3. Nf3 e6 4. Bg5 Be7 5. Nc3 h6 6. Bh4 Nc6 7. e3 Bb4 8. cxd5
Bxc3+ 9. bxc3 exd5 10. h3 g5 11. Bg3 Ne4 12. Ne5 Nxe5 13. Bxe5 f6 14. Qh5+ Ke7
15. Bh2 c6 16. Bd3 Nxc3 17. O-O Qe8 18. Qf3 Kf7 19. Rfc1 Ne4 20. Qd1 f5 21. Be5
Nf6 22. Qc2 Qe6 23. Re1 Rg8 24. f3 g4 25. fxg4 Rg5 26. gxf5 Qe7 27. Bf4 Rh5
1/2-1/2

[Event "FIDE TURNIR 2014"]
[Site "Ljubljana"]
[Date "2014.04.07"]
[Round "1.26"]
[White "Tisaj, Domen"]
[Black "Zaloznik S., Gal"]
[Result "1-0"]
[WhiteElo "1588"]
[BlackElo "1500"]
[PlyCount "37"]
[EventDate "2014.04.09"]

1. d4 d5 2. Nc3 Nc6 3. Bf4 Bf5 4. a3 Qd7 5. Nf3 f6 6. e3 O-O-O 7. Bd3 g5 8. Bg3
h5 9. h3 Re8 10. Bxf5 Qxf5 11. Qd3 Qxd3 12. cxd3 h4 13. Bh2 a6 14. Nxd5 e5 15.
dxe5 Nxe5 16. d4 Nd3+ 17. Ke2 c6 18. Nb6+ Kd8 19. Kxd3 1-0

[Event "FIDE TURNIR 2014"]
[Site "Ljubljana"]
[Date "2014.04.12"]
[Round "1.27"]
[White "Drobnic, Rok"]
[Black "Vah, Denis"]
[Result "1-0"]
[WhiteElo "1196"]
[BlackElo "1500"]
[PlyCount "93"]
[EventDate "2014.04.09"]

1. e4 e5 2. Nf3 Nc6 3. d4 exd4 4. Bc4 Nf6 5. Ng5 d5 6. exd5 Na5 7. Bb5+ c6 8.
dxc6 bxc6 9. Bd3 h6 10. Nf3 c5 11. b3 Be6 12. Qe2 Bd6 13. O-O O-O 14. Bb2 Qc7
15. Na3 Rfe8 16. c4 dxc3 17. Bxc3 Bd7 18. Qc2 Nc6 19. Bxf6 gxf6 20. Rad1 Kg7
21. Bc4 Ne5 22. Qe4 Nxf3+ 23. Qxf3 Bxh2+ 24. Kh1 Bf4 25. Qh5 Be6 26. Bxe6 fxe6
27. Rfe1 e5 28. Nb5 Qc6 29. Nd6 Re7 30. Nf5+ Kf8 31. Nxe7 Kxe7 32. Qg4 Rf8 33.
Qg7+ Rf7 34. Qg8 Rf8 35. Qd5 Qc7 36. g3 Bxg3 37. fxg3 Rf7 38. Rd2 Rg7 39. Red1
Qa5 40. Qd6+ Kf7 41. Qd7+ Kg6 42. Qg4+ Kh7 43. Qf5+ Kh8 44. Rd8+ Rg8 45. Qxf6+
Kh7 46. R1d7+ Rg7 47. Qxg7# 1-0